| 000 | 00935cam a2200289 4500 | ||
|---|---|---|---|
| 001 | D16372 | ||
| 008 | 090401t1971 xxu||||| |||| 00| 0 eng d | ||
| 035 | _a(Sirsi) u28926 | ||
| 041 | _aeng | ||
| 050 | _a333.1 | ||
| 110 |
_aRoyal Institution of Chartered Surveyors _94900 |
||
| 245 | _aValue for money-the economics of land and building : study day for elected members of local authorities, 10th November 1971. Paper 1 : Land - the scarce commodity | ||
| 260 |
_bRICS _c1971 |
||
| 300 |
_aii,16p. _c30cm |
||
| 350 | _a0.00 | ||
| 520 | _aFiled together with Paper 3 : Cost control from inception to completion. | ||
| 650 | _aACQUISITION OF LAND | ||
| 650 | _aBLIGHT | ||
| 650 | _aCOMPENSATION | ||
| 650 |
_aCompulsory purchase _96228 |
||
| 650 | _aGREATER LONDON DEVELOPMENT PLAN | ||
| 650 | _aLAND ASSEMBLY | ||
| 690 | _aPROPERTY | ||
| 710 |
_aPublic Officers Committee _91463 |
||
| 942 | _n0 | ||
| 948 | _c04/03/1997 | ||
| 999 |
_c89362 _d89362 |
||